[Event "DEM U16 2024"]
[Site "Willingen GER"]
[Date "2024.05.23"]
[Round "7"]
[White "Sommer, Justus"]
[Black "Haubold, Christian"]
[Result "0-1"]
[Termination "normal"]
[Board "5"]
[WhiteElo "2069"]
[BlackElo "2051"]
[WhiteClock "00:01:31"]
[BlackClock "00:03:25"]
[PlyCount "86"]
[WhiteFideId "16245008"]
[BlackFideId "16259629"]
[EventCountry "GER"]
[EventRounds "9"]
[EventType "swiss"]
[EventDate "2024.05.18"]

1. e4 {[%clk 01:30:54]} {[%emt 00:00:03]} e5 {[%clk 01:30:53]} {[%emt
00:00:09]} 2. Nf3 {[%clk 01:31:15]} {[%emt 00:00:08]} Nc6 {[%clk 01:31:13]}
{[%emt 00:00:10]} 3. Bc4 {[%clk 01:30:58]} {[%emt 00:00:47]} Nf6 {[%clk
01:31:13]} {[%emt 00:00:31]} 4. d4 {[%clk 01:30:55]} {[%emt 00:00:32]} exd4
{[%clk 01:00:04]} {[%emt 00:31:40]} 5. O-O {[%clk 01:28:37]} {[%emt 00:02:44]}
Bc5 {[%clk 00:57:58]} {[%emt 00:02:40]} 6. e5 {[%clk 01:28:35]} {[%emt
00:00:29]} d5 {[%clk 00:58:13]} {[%emt 00:00:17]} 7. exf6 {[%clk 01:28:57]}
{[%emt 00:00:08]} dxc4 {[%clk 00:58:37]} {[%emt 00:00:06]} 8. Re1+ {[%clk
01:29:15]} {[%emt 00:00:11]} Be6 {[%clk 00:58:54]} {[%emt 00:00:14]} 9. Ng5
{[%clk 01:29:33]} {[%emt 00:00:11]} Qd5 {[%clk 00:54:22]} {[%emt 00:05:02]} 10.
Nc3 {[%clk 01:29:30]} {[%emt 00:00:31]} Qf5 {[%clk 00:54:39]} {[%emt 00:00:15]}
11. Nce4 {[%clk 01:29:40]} {[%emt 00:00:20]} O-O-O {[%clk 00:43:07]} {[%emt
00:12:03]} 12. g4 {[%clk 01:29:15]} {[%emt 00:00:54]} Qe5 {[%clk 00:43:05]}
{[%emt 00:00:32]} 13. Nxe6 {[%clk 01:29:26]} {[%emt 00:00:17]} fxe6 {[%clk
00:42:08]} {[%emt 00:01:30]} 14. fxg7 {[%clk 01:29:41]} {[%emt 00:00:14]} Rhg8
{[%clk 00:39:10]} {[%emt 00:03:28]} 15. Bh6 {[%clk 01:29:56]} {[%emt 00:00:14]}
Be7 {[%clk 00:24:20]} {[%emt 00:15:21]} 16. Qf3 {[%clk 01:01:06]} {[%emt
00:29:19]} Qd5 {[%clk 00:22:08]} {[%emt 00:02:43]} 17. Rad1 {[%clk 00:51:25]}
{[%emt 00:10:10]} Ne5 {[%clk 00:19:59]} {[%emt 00:02:40]} 18. Qf4 {[%clk
00:42:44]} {[%emt 00:09:10]} Bd6 {[%clk 00:15:51]} {[%emt 00:04:38]} 19. Nxd6+
{[%clk 00:37:15]} {[%emt 00:05:59]} cxd6 {[%clk 00:16:00]} {[%emt 00:00:22]}
20. Re4 {[%clk 00:37:29]} {[%emt 00:00:15]} Ng6 {[%clk 00:13:55]} {[%emt
00:02:36]} 21. Qf3 {[%clk 00:37:40]} {[%emt 00:00:17]} e5 {[%clk 00:12:36]}
{[%emt 00:01:50]} 22. c3 {[%clk 00:32:52]} {[%emt 00:05:18]} Nh4 {[%clk
00:10:50]} {[%emt 00:02:17]} 23. Qe2 {[%clk 00:27:53]} {[%emt 00:05:30]} d3
{[%clk 00:10:07]} {[%emt 00:01:14]} 24. Qe3 {[%clk 00:27:22]} {[%emt 00:01:00]}
Rd7 {[%clk 00:09:41]} {[%emt 00:00:56]} 25. f4 {[%clk 00:24:19]} {[%emt
00:03:33]} exf4 {[%clk 00:09:18]} {[%emt 00:00:53]} 26. Qxf4 {[%clk 00:21:57]}
{[%emt 00:02:51]} Rf7 {[%clk 00:08:54]} {[%emt 00:00:54]} 27. Qe3 {[%clk
00:21:26]} {[%emt 00:01:01]} Re7 {[%clk 00:07:34]} {[%emt 00:01:51]} 28. Qh3
{[%clk 00:10:41]} {[%emt 00:11:13]} Qxe4 {[%clk 00:07:19]} {[%emt 00:00:46]}
29. Qxh4 {[%clk 00:11:02]} {[%emt 00:00:09]} Qe2 {[%clk 00:04:57]} {[%emt
00:02:52]} 30. Rf1 {[%clk 00:06:13]} {[%emt 00:05:19]} Kd7 {[%clk 00:03:33]}
{[%emt 00:01:54]} 31. Qg5 {[%clk 00:04:11]} {[%emt 00:02:31]} a6 {[%clk
00:02:37]} {[%emt 00:01:27]} 32. Qf5+ {[%clk 00:02:57]} {[%emt 00:01:44]} Qe6
{[%clk 00:02:12]} {[%emt 00:00:55]} 33. Qg5 {[%clk 00:01:21]} {[%emt 00:02:04]}
Qg6 {[%clk 00:02:01]} {[%emt 00:00:41]} 34. Qf4 {[%clk 00:00:46]} {[%emt
00:01:05]} Re4 {[%clk 00:02:10]} {[%emt 00:00:20]} 35. Qf7+ {[%clk 00:00:41]}
{[%emt 00:00:36]} Qxf7 {[%clk 00:02:33]} {[%emt 00:00:08]} 36. Rxf7+ {[%clk
00:01:09]} {[%emt 00:00:01]} Kc6 {[%clk 00:02:45]} {[%emt 00:00:18]} 37. h3
{[%clk 00:01:13]} {[%emt 00:00:27]} Re6 {[%clk 00:02:27]} {[%emt 00:00:48]} 38.
Rf8 {[%clk 00:01:02]} {[%emt 00:00:41]} Rxg7 {[%clk 00:02:29]} {[%emt
00:00:28]} 39. Bf4 {[%clk 00:00:32]} {[%emt 00:01:00]} Re2 {[%clk 00:02:16]}
{[%emt 00:00:43]} 40. Kf1 {[%clk 00:00:44]} {[%emt 00:00:17]} Rxb2 {[%clk
00:02:32]} {[%emt 00:00:15]} 41. Rf6 {[%clk 00:01:00]} {[%emt 00:00:14]} Rd7
{[%clk 00:02:47]} {[%emt 00:00:15]} 42. h4 {[%clk 00:01:07]} {[%emt 00:00:23]}
d2 {[%clk 00:03:00]} {[%emt 00:00:17]} 43. Ke2 {[%clk 00:01:31]} {[%emt
00:00:06]} Re7+ {[%clk 00:03:25]} {[%emt 00:00:05]} 0-1

[Event "DEM U16 2024"]
[Site "Willingen GER"]
[Date "2024.05.23"]
[Round "7"]
[White "Hoppstädter, Daniel"]
[Black "Mester, Philipp"]
[Result "1-0"]
[Termination "normal"]
[Board "6"]
[WhiteElo "2155"]
[BlackElo "1975"]
[WhiteClock "00:27:53"]
[BlackClock "00:25:21"]
[PlyCount "87"]
[WhiteFideId "16243625"]
[BlackFideId "34624902"]
[EventCountry "GER"]
[EventRounds "9"]
[EventType "swiss"]
[EventDate "2024.05.18"]

1. d4 {[%clk 01:30:58]} {[%emt 00:00:02]} d5 {[%clk 01:30:57]} {[%emt
00:00:04]} 2. c4 {[%clk 01:31:17]} {[%emt 00:00:11]} e6 {[%clk 01:31:24]}
{[%emt 00:00:03]} 3. Nc3 {[%clk 01:31:39]} {[%emt 00:00:08]} Nf6 {[%clk
01:31:48]} {[%emt 00:00:05]} 4. cxd5 {[%clk 01:32:03]} {[%emt 00:00:06]} exd5
{[%clk 01:32:14]} {[%emt 00:00:04]} 5. Bg5 {[%clk 01:32:27]} {[%emt 00:00:05]}
Be7 {[%clk 01:32:37]} {[%emt 00:00:07]} 6. e3 {[%clk 01:32:48]} {[%emt
00:00:09]} O-O {[%clk 01:32:58]} {[%emt 00:00:10]} 7. Bd3 {[%clk 01:33:09]}
{[%emt 00:00:09]} Re8 {[%clk 01:32:47]} {[%emt 00:00:41]} 8. Qc2 {[%clk
01:21:31]} {[%emt 00:12:08]} h6 {[%clk 01:32:58]} {[%emt 00:00:20]} 9. Bh4
{[%clk 01:21:35]} {[%emt 00:00:25]} c6 {[%clk 01:33:13]} {[%emt 00:00:16]} 10.
Nge2 {[%clk 01:21:30]} {[%emt 00:00:34]} Nbd7 {[%clk 01:31:47]} {[%emt
00:01:56]} 11. O-O {[%clk 01:21:14]} {[%emt 00:00:46]} Nh5 {[%clk 01:31:54]}
{[%emt 00:00:23]} 12. Bxe7 {[%clk 01:17:32]} {[%emt 00:04:11]} Qxe7 {[%clk
01:32:15]} {[%emt 00:00:09]} 13. Rae1 {[%clk 01:16:04]} {[%emt 00:01:58]} Nf8
{[%clk 01:31:05]} {[%emt 00:01:40]} 14. Nc1 {[%clk 01:10:16]} {[%emt 00:06:19]}
Qd6 {[%clk 01:22:46]} {[%emt 00:08:49]} 15. Nb3 {[%clk 01:06:26]} {[%emt
00:04:20]} Ne6 {[%clk 01:21:11]} {[%emt 00:02:04]} 16. f3 {[%clk 00:47:15]}
{[%emt 00:19:41]} Bd7 {[%clk 01:16:27]} {[%emt 00:05:15]} 17. Qf2 {[%clk
00:45:41]} {[%emt 00:02:04]} Re7 {[%clk 01:08:21]} {[%emt 00:08:36]} 18. Bb1
{[%clk 00:42:14]} {[%emt 00:03:56]} a5 {[%clk 01:02:04]} {[%emt 00:06:48]} 19.
Na4 {[%clk 00:35:35]} {[%emt 00:07:09]} Qb4 {[%clk 00:53:04]} {[%emt 00:09:29]}
20. Nbc5 {[%clk 00:32:32]} {[%emt 00:03:34]} Nxc5 {[%clk 00:52:52]} {[%emt
00:00:42]} 21. Nxc5 {[%clk 00:32:46]} {[%emt 00:00:15]} Rae8 {[%clk 00:50:54]}
{[%emt 00:02:28]} 22. e4 {[%clk 00:27:56]} {[%emt 00:05:20]} dxe4 {[%clk
00:50:00]} {[%emt 00:01:24]} 23. fxe4 {[%clk 00:24:04]} {[%emt 00:04:22]} Nf6
{[%clk 00:48:25]} {[%emt 00:02:04]} 24. a3 {[%clk 00:23:22]} {[%emt 00:01:13]}
Qb6 {[%clk 00:47:31]} {[%emt 00:01:23]} 25. e5 {[%clk 00:21:04]} {[%emt
00:02:49]} Nd5 {[%clk 00:35:00]} {[%emt 00:13:01]} 26. Nxd7 {[%clk 00:21:24]}
{[%emt 00:00:10]} Rxd7 {[%clk 00:35:24]} {[%emt 00:00:05]} 27. e6 {[%clk
00:21:47]} {[%emt 00:00:06]} fxe6 {[%clk 00:34:32]} {[%emt 00:01:22]} 28. Rxe6
{[%clk 00:21:59]} {[%emt 00:00:18]} Qd8 {[%clk 00:31:52]} {[%emt 00:03:10]} 29.
Qf5 {[%clk 00:18:16]} {[%emt 00:04:13]} Nf6 {[%clk 00:32:00]} {[%emt 00:00:22]}
30. Ba2 {[%clk 00:13:39]} {[%emt 00:05:07]} Kh8 {[%clk 00:25:41]} {[%emt
00:06:49]} 31. h3 {[%clk 00:08:31]} {[%emt 00:05:38]} Rxe6 {[%clk 00:24:54]}
{[%emt 00:01:17]} 32. Bxe6 {[%clk 00:07:06]} {[%emt 00:01:55]} Rxd4 {[%clk
00:24:32]} {[%emt 00:00:51]} 33. Bb3 {[%clk 00:06:42]} {[%emt 00:00:55]} Rd2
{[%clk 00:20:42]} {[%emt 00:04:21]} 34. Qg6 {[%clk 00:06:00]} {[%emt 00:01:12]}
Qd4+ {[%clk 00:18:32]} {[%emt 00:02:37]} 35. Kh1 {[%clk 00:06:08]} {[%emt
00:00:24]} Rf2 {[%clk 00:14:28]} {[%emt 00:04:34]} 36. Re1 {[%clk 00:06:18]}
{[%emt 00:00:20]} Qf4 {[%clk 00:12:23]} {[%emt 00:02:35]} 37. Kg1 {[%clk
00:04:13]} {[%emt 00:02:35]} Qf5 {[%clk 00:11:05]} {[%emt 00:01:48]} 38. Qf7
{[%clk 00:03:36]} {[%emt 00:01:07]} Kh7 {[%clk 00:06:00]} {[%emt 00:05:36]} 39.
Qf8 {[%clk 00:01:53]} {[%emt 00:02:12]} a4 {[%clk 00:03:54]} {[%emt 00:02:37]}
40. Ba2 {[%clk 00:02:17]} {[%emt 00:00:06]} Qc2 {[%clk 00:00:33]} {[%emt
00:03:50]} 41. Bg8+ {[%clk 00:30:19]} {[%emt 00:02:29]} Kg6 {[%clk 00:26:07]}
{[%emt 00:04:55]} 42. Qf7+ {[%clk 00:30:27]} {[%emt 00:00:21]} Kg5 {[%clk
00:26:06]} {[%emt 00:00:32]} 43. Qxg7+ {[%clk 00:30:30]} {[%emt 00:00:26]} Kh4
{[%clk 00:25:21]} {[%emt 00:01:16]} 44. g3+ {[%clk 00:27:53]} {[%emt 00:03:07]}
1-0

[Event "DEM U16 2024"]
[Site "Willingen GER"]
[Date "2024.05.23"]
[Round "7"]
[White "Wunderlich, Elias"]
[Black "Haubold, Sebastian"]
[Result "1/2-1/2"]
[Termination "normal"]
[Board "7"]
[WhiteElo "2007"]
[BlackElo "2127"]
[WhiteClock "00:00:50"]
[BlackClock "00:00:58"]
[PlyCount "163"]
[WhiteFideId "34608087"]
[BlackFideId "16259637"]
[EventCountry "GER"]
[EventRounds "9"]
[EventType "swiss"]
[EventDate "2024.05.18"]

1. e4 {[%clk 01:30:59]} e5 {[%clk 01:30:50]} {[%emt 00:00:10]} 2. Nc3 {[%clk
01:31:07]} {[%emt 00:00:22]} Nf6 {[%clk 01:31:05]} {[%emt 00:00:15]} 3. f4
{[%clk 01:31:34]} {[%emt 00:00:03]} d5 {[%clk 01:31:06]} {[%emt 00:00:28]} 4.
fxe5 {[%clk 01:32:03]} {[%emt 00:00:02]} Nxe4 {[%clk 01:31:09]} {[%emt
00:00:28]} 5. Qf3 {[%clk 01:32:27]} {[%emt 00:00:05]} Nxc3 {[%clk 01:30:34]}
{[%emt 00:01:05]} 6. dxc3 {[%clk 01:30:17]} {[%emt 00:02:40]} Be7 {[%clk
01:27:19]} {[%emt 00:03:45]} 7. Bf4 {[%clk 01:24:53]} {[%emt 00:05:54]} Be6
{[%clk 01:22:00]} {[%emt 00:05:49]} 8. O-O-O {[%clk 01:24:55]} {[%emt
00:00:27]} O-O {[%clk 01:17:06]} {[%emt 00:05:26]} 9. Qg3 {[%clk 01:21:45]}
{[%emt 00:03:39]} Bh4 {[%clk 01:16:30]} {[%emt 00:01:05]} 10. Qe3 {[%clk
01:22:13]} {[%emt 00:00:02]} Nd7 {[%clk 01:07:33]} {[%emt 00:09:27]} 11. Be2
{[%clk 01:21:13]} {[%emt 00:01:30]} c6 {[%clk 01:05:44]} {[%emt 00:02:19]} 12.
Nf3 {[%clk 01:03:36]} {[%emt 00:18:08]} Be7 {[%clk 01:03:09]} {[%emt 00:03:05]}
13. Ne1 {[%clk 00:52:13]} {[%emt 00:11:52]} Qa5 {[%clk 01:02:39]} {[%emt
00:01:00]} 14. a3 {[%clk 00:52:27]} {[%emt 00:00:16]} Nc5 {[%clk 00:58:21]}
{[%emt 00:04:48]} 15. Bg5 {[%clk 00:51:45]} {[%emt 00:01:13]} Qb6 {[%clk
00:50:52]} {[%emt 00:08:00]} 16. Rd4 {[%clk 00:50:11]} {[%emt 00:02:04]} Bxg5
{[%clk 00:49:13]} {[%emt 00:02:08]} 17. Qxg5 {[%clk 00:50:36]} {[%emt
00:00:04]} Ne4 {[%clk 00:49:30]} {[%emt 00:00:13]} 18. Qe3 {[%clk 00:50:18]}
{[%emt 00:00:46]} Qc7 {[%clk 00:42:44]} {[%emt 00:07:18]} 19. Nf3 {[%clk
00:49:56]} {[%emt 00:00:52]} b5 {[%clk 00:36:32]} {[%emt 00:06:41]} 20. c4
{[%clk 00:26:49]} {[%emt 00:23:38]} bxc4 {[%clk 00:31:17]} {[%emt 00:05:45]}
21. Bxc4 {[%clk 00:27:11]} {[%emt 00:00:08]} Qb6 {[%clk 00:30:29]} {[%emt
00:01:18]} 22. Bb3 {[%clk 00:27:10]} {[%emt 00:00:31]} Rab8 {[%clk 00:29:10]}
{[%emt 00:01:48]} 23. Re1 {[%clk 00:26:01]} {[%emt 00:01:38]} c5 {[%clk
00:27:17]} {[%emt 00:02:24]} 24. Ra4 {[%clk 00:17:21]} {[%emt 00:09:10]} a5
{[%clk 00:19:38]} {[%emt 00:08:09]} 25. Kd1 {[%clk 00:06:54]} {[%emt 00:10:57]}
c4 {[%clk 00:16:11]} {[%emt 00:03:58]} 26. Qxb6 {[%clk 00:06:24]} {[%emt
00:00:59]} Rxb6 {[%clk 00:16:39]} {[%emt 00:00:02]} 27. Bxc4 {[%clk 00:06:24]}
{[%emt 00:00:30]} Rxb2 {[%clk 00:14:14]} {[%emt 00:02:56]} 28. Re3 {[%clk
00:05:57]} {[%emt 00:00:56]} Rb1+ {[%clk 00:09:12]} {[%emt 00:05:33]} 29. Ke2
{[%clk 00:06:13]} {[%emt 00:00:13]} Rc8 {[%clk 00:09:14]} {[%emt 00:00:28]} 30.
Bb3 {[%clk 00:02:58]} {[%emt 00:03:46]} Nc3+ {[%clk 00:09:22]} {[%emt
00:00:22]} 31. Rxc3 {[%clk 00:03:26]} {[%emt 00:00:02]} Rxc3 {[%clk 00:09:45]}
{[%emt 00:00:07]} 32. Rxa5 {[%clk 00:03:46]} {[%emt 00:00:09]} h6 {[%clk
00:05:39]} {[%emt 00:04:36]} 33. Kd2 {[%clk 00:04:15]} {[%emt 00:00:01]} Rc8
{[%clk 00:05:54]} {[%emt 00:00:16]} 34. Ra6 {[%clk 00:03:25]} {[%emt 00:01:21]}
Kf8 {[%clk 00:04:18]} {[%emt 00:02:05]} 35. a4 {[%clk 00:03:20]} {[%emt
00:00:35]} Rf1 {[%clk 00:02:25]} {[%emt 00:02:22]} 36. Ke2 {[%clk 00:03:27]}
{[%emt 00:00:23]} Ra1 {[%clk 00:02:46]} {[%emt 00:00:08]} 37. h3 {[%clk
00:03:10]} {[%emt 00:00:48]} Bd7 {[%clk 00:02:03]} {[%emt 00:01:13]} 38. Kd2
{[%clk 00:02:00]} {[%emt 00:01:41]} Ke7 {[%clk 00:01:29]} {[%emt 00:01:04]} 39.
Nd4 {[%clk 00:01:37]} {[%emt 00:00:53]} Rc7 {[%clk 00:01:26]} {[%emt 00:00:33]}
40. Ra8 {[%clk 00:00:46]} {[%emt 00:01:21]} g6 {[%clk 00:01:07]} {[%emt
00:00:48]} 41. Ra6 {[%clk 00:00:39]} {[%emt 00:00:37]} Rc5 {[%clk 00:24:47]}
{[%emt 00:06:51]} 42. Ke2 {[%clk 00:27:43]} {[%emt 00:03:25]} Rg1 {[%clk
00:24:38]} {[%emt 00:00:39]} 43. Kf2 {[%clk 00:26:47]} {[%emt 00:01:27]} Rd1
{[%clk 00:24:46]} {[%emt 00:00:22]} 44. Nf3 {[%clk 00:26:39]} {[%emt 00:00:38]}
Bf5 {[%clk 00:13:54]} {[%emt 00:11:21]} 45. Ra7+ {[%clk 00:26:15]} {[%emt
00:00:55]} Kf8 {[%clk 00:11:23]} {[%emt 00:03:01]} 46. Ke2 {[%clk 00:25:59]}
{[%emt 00:00:45]} Ra1 {[%clk 00:10:41]} {[%emt 00:01:13]} 47. Nd4 {[%clk
00:25:49]} {[%emt 00:00:41]} Be6 {[%clk 00:10:07]} {[%emt 00:01:05]} 48. Ra8+
{[%clk 00:12:58]} {[%emt 00:13:20]} Ke7 {[%clk 00:09:06]} {[%emt 00:01:31]} 49.
Ra7+ {[%clk 00:12:04]} {[%emt 00:01:24]} Bd7 {[%clk 00:07:57]} {[%emt
00:01:38]} 50. Ra6 {[%clk 00:10:05]} {[%emt 00:02:30]} h5 {[%clk 00:06:04]}
{[%emt 00:02:23]} 51. Ra7 {[%clk 00:09:55]} {[%emt 00:00:40]} Kd8 {[%clk
00:04:28]} {[%emt 00:02:06]} 52. Ra8+ {[%clk 00:09:52]} {[%emt 00:00:33]} Rc8
{[%clk 00:03:40]} {[%emt 00:01:18]} 53. Ra6 {[%clk 00:09:27]} {[%emt 00:00:55]}
Ke7 {[%clk 00:02:52]} {[%emt 00:01:18]} 54. Ra7 {[%clk 00:09:12]} {[%emt
00:00:45]} Rc3 {[%clk 00:00:41]} {[%emt 00:02:41]} 55. Kf2 {[%clk 00:04:12]}
{[%emt 00:05:29]} h4 {[%clk 00:00:47]} {[%emt 00:00:25]} 56. Nb5 {[%clk
00:04:07]} {[%emt 00:00:34]} Rc5 {[%clk 00:00:50]} {[%emt 00:00:28]} 57. Nc7
{[%clk 00:03:53]} {[%emt 00:00:43]} Kf8 {[%clk 00:00:41]} {[%emt 00:00:41]} 58.
Na6 {[%clk 00:02:43]} {[%emt 00:01:39]} Ra5 {[%clk 00:00:46]} {[%emt 00:00:25]}
59. Rxd7 {[%clk 00:02:27]} {[%emt 00:00:46]} Rxa6 {[%clk 00:01:15]} {[%emt
00:00:02]} 60. Rxd5 {[%clk 00:02:29]} {[%emt 00:00:26]} Ke7 {[%clk 00:01:27]}
{[%emt 00:00:19]} 61. Rb5 {[%clk 00:02:12]} {[%emt 00:00:48]} Ra7 {[%clk
00:01:55]} {[%emt 00:00:02]} 62. Rb4 {[%clk 00:02:15]} {[%emt 00:00:26]} g5
{[%clk 00:01:32]} {[%emt 00:00:53]} 63. Rg4 {[%clk 00:02:02]} {[%emt 00:00:43]}
f6 {[%clk 00:02:00]} {[%emt 00:00:03]} 64. e6 {[%clk 00:02:08]} {[%emt
00:00:24]} Ra5 {[%clk 00:02:20]} {[%emt 00:00:11]} 65. Rd4 {[%clk 00:02:26]}
{[%emt 00:00:12]} Rf5+ {[%clk 00:02:13]} {[%emt 00:00:36]} 66. Ke2 {[%clk
00:02:54]} {[%emt 00:00:02]} Rg1 {[%clk 00:02:01]} {[%emt 00:00:40]} 67. Rg4
{[%clk 00:01:52]} {[%emt 00:01:34]} Re5+ {[%clk 00:01:45]} {[%emt 00:00:47]}
68. Kd3 {[%clk 00:02:11]} {[%emt 00:00:12]} Rf5 {[%clk 00:01:27]} {[%emt
00:00:47]} 69. Ke3 {[%clk 00:02:05]} {[%emt 00:00:35]} Re1+ {[%clk 00:01:32]}
{[%emt 00:00:24]} 70. Kd2 {[%clk 00:02:25]} {[%emt 00:00:11]} Rg1 {[%clk
00:01:40]} {[%emt 00:00:23]} 71. Ke2 {[%clk 00:02:39]} {[%emt 00:00:17]} Re5+
{[%clk 00:01:43]} {[%emt 00:00:26]} 72. Kd3 {[%clk 00:02:43]} {[%emt 00:00:26]}
Rd1+ {[%clk 00:01:36]} {[%emt 00:00:38]} 73. Kc3 {[%clk 00:02:59]} {[%emt
00:00:13]} Kd6 {[%clk 00:01:33]} {[%emt 00:00:34]} 74. Kb4 {[%clk 00:03:14]}
{[%emt 00:00:15]} Kc6 {[%clk 00:01:36]} {[%emt 00:00:26]} 75. Rc4+ {[%clk
00:01:49]} {[%emt 00:01:56]} Kb7 {[%clk 00:01:51]} {[%emt 00:00:15]} 76. Rc5
{[%clk 00:00:47]} {[%emt 00:01:32]} Re2 {[%clk 00:00:54]} {[%emt 00:01:27]} 77.
Rf5 {[%clk 00:00:54]} {[%emt 00:00:22]} Rxg2 {[%clk 00:00:36]} {[%emt
00:00:49]} 78. Rxf6 {[%clk 00:00:59]} {[%emt 00:00:24]} Re2 {[%clk 00:00:47]}
{[%emt 00:00:19]} 79. Rg6 {[%clk 00:00:54]} {[%emt 00:00:36]} Re4+ {[%clk
00:00:35]} {[%emt 00:00:42]} 80. Ka3 {[%clk 00:01:06]} {[%emt 00:00:18]} Re5
{[%clk 00:00:58]} {[%emt 00:00:07]} 81. Rg7+ {[%clk 00:00:50]} {[%emt
00:00:46]} Kb6 82. Rg6 1/2-1/2

[Event "DEM U16 2024"]
[Site "Willingen GER"]
[Date "2024.05.23"]
[Round "7"]
[White "Karle, Sam"]
[Black "Helms, Finn"]
[Result "1/2-1/2"]
[Termination "normal"]
[Board "8"]
[WhiteElo "2070"]
[BlackElo "2044"]
[WhiteClock "00:03:55"]
[BlackClock "00:11:55"]
[PlyCount "62"]
[WhiteFideId "16290089"]
[BlackFideId "16249143"]
[EventCountry "GER"]
[EventRounds "9"]
[EventType "swiss"]
[EventDate "2024.05.18"]

1. e4 {[%clk 01:30:56]} {[%emt 00:00:03]} c6 {[%clk 01:30:59]} {[%emt
00:00:02]} 2. Nf3 {[%clk 01:31:00]} {[%emt 00:00:25]} d5 {[%clk 01:31:24]}
{[%emt 00:00:05]} 3. d3 {[%clk 01:31:06]} {[%emt 00:00:24]} dxe4 {[%clk
01:31:37]} {[%emt 00:00:18]} 4. dxe4 {[%clk 01:31:27]} {[%emt 00:00:08]} Qxd1+
{[%clk 01:31:37]} {[%emt 00:00:30]} 5. Kxd1 {[%clk 01:31:55]} {[%emt 00:00:02]}
Nf6 {[%clk 01:31:08]} {[%emt 00:00:59]} 6. Nbd2 {[%clk 01:32:04]} {[%emt
00:00:20]} g6 {[%clk 01:24:42]} {[%emt 00:06:56]} 7. Ne5 {[%clk 01:30:01]}
{[%emt 00:02:33]} Bg7 {[%clk 01:22:10]} {[%emt 00:03:02]} 8. Nd3 {[%clk
01:30:09]} {[%emt 00:00:22]} Nbd7 {[%clk 01:15:33]} {[%emt 00:07:08]} 9. a4
{[%clk 01:28:38]} {[%emt 00:02:00]} Nf8 {[%clk 01:05:21]} {[%emt 00:10:42]} 10.
f3 {[%clk 01:26:55]} {[%emt 00:02:13]} Ne6 {[%clk 01:02:43]} {[%emt 00:03:08]}
11. a5 {[%clk 01:24:50]} {[%emt 00:02:36]} h5 {[%clk 00:51:10]} {[%emt
00:12:04]} 12. h4 {[%clk 01:21:59]} {[%emt 00:03:20]} a6 {[%clk 00:39:51]}
{[%emt 00:11:50]} 13. Nc4 {[%clk 01:20:27]} {[%emt 00:02:01]} Nd7 {[%clk
00:38:54]} {[%emt 00:01:27]} 14. Be3 {[%clk 01:19:15]} {[%emt 00:01:42]} O-O
{[%clk 00:38:58]} {[%emt 00:00:26]} 15. c3 {[%clk 01:16:53]} {[%emt 00:02:52]}
f5 {[%clk 00:37:15]} {[%emt 00:02:14]} 16. Be2 {[%clk 01:12:15]} {[%emt
00:05:07]} Kh7 {[%clk 00:29:19]} {[%emt 00:08:26]} 17. Kc2 {[%clk 01:07:58]}
{[%emt 00:04:47]} Nc7 {[%clk 00:26:26]} {[%emt 00:03:22]} 18. Rad1 {[%clk
00:58:57]} {[%emt 00:09:30]} fxe4 {[%clk 00:22:11]} {[%emt 00:04:46]} 19. fxe4
{[%clk 00:59:00]} {[%emt 00:00:27]} Nf6 {[%clk 00:22:08]} {[%emt 00:00:33]} 20.
Nb6 {[%clk 00:54:41]} {[%emt 00:04:49]} Rb8 {[%clk 00:22:01]} {[%emt 00:00:38]}
21. Bf4 {[%clk 00:54:16]} {[%emt 00:00:54]} Nfe8 {[%clk 00:21:57]} {[%emt
00:00:33]} 22. Rhf1 {[%clk 00:49:07]} {[%emt 00:05:39]} Nd6 {[%clk 00:19:30]}
{[%emt 00:02:58]} 23. Nc5 {[%clk 00:44:53]} {[%emt 00:04:44]} Ne6 {[%clk
00:16:20]} {[%emt 00:03:40]} 24. Bxd6 {[%clk 00:20:32]} {[%emt 00:24:51]} exd6
{[%clk 00:16:33]} {[%emt 00:00:17]} 25. Nxc8 {[%clk 00:08:11]} {[%emt
00:12:51]} dxc5 {[%clk 00:15:35]} {[%emt 00:01:28]} 26. Rxf8 {[%clk 00:07:35]}
{[%emt 00:01:06]} Nxf8 {[%clk 00:12:38]} {[%emt 00:03:28]} 27. Nb6 {[%clk
00:06:18]} {[%emt 00:01:47]} Re8 {[%clk 00:12:14]} {[%emt 00:00:54]} 28. Bf3
{[%clk 00:05:30]} {[%emt 00:01:18]} Bf6 {[%clk 00:10:38]} {[%emt 00:02:06]} 29.
Nd7 {[%clk 00:05:07]} {[%emt 00:00:53]} Nxd7 {[%clk 00:10:58]} {[%emt
00:00:10]} 30. Rxd7+ {[%clk 00:05:35]} {[%emt 00:00:01]} Re7 {[%clk 00:11:27]}
{[%emt 00:00:01]} 31. Rxe7+ {[%clk 00:03:55]} {[%emt 00:02:10]} Bxe7 {[%clk
00:11:55]} {[%emt 00:00:03]} 1/2-1/2